00412nam a22001457a 450000500170000002000230001703500230004003700130006308200170007624500610009326000390015430000190019349000360021270000180024820180730124552.0 a0761934286c750.00 aB-167011, B-167010 aDPLbENG a324.014bMED aMedia and mediation /ceditors Bernard Bel ... [et al.]. aNew DelhibSage Publicationsc2005 a474p.c20 cms. aCommunication processes ;vv. 1 aBel, Bernard